000 00316nam a22001337a 4500
008 170526b xxu||||| |||| 00| 0 eng d
020 _a9780073019338
041 _aeng
080 _26 ED
_a62
100 _a27
101 _aIM
245 _aSOFTWARE ENGINEERING A PRACTIONER
_cPRESSMAN.R.S
942 _2udc
_cBK
999 _c14504
_d14504